000 00863pam a2200253 a 4500
001 3448208
003 OSt
005 20160407164053.0
008 920116r19921939nyuab b 000 1 eng
010 _a 92002696
020 _a0875461832 (pbk. : acidfree paper)
040 _aSEKU
050 0 0 _aPS 3525
_b.M32
100 1 _aMcKenney, Ruth,
_d1911-1972.
245 1 0 _aIndustrial valley /
_cRuth McKenney ; with an introduction by Daniel Nelson.
260 _aIthaca, N.Y. :
_bILR Press,
_c1992.
300 _axx, 379 p. :
_bill., map ;
440 0 _aLiterature of American labor
500 _aOriginally published: New York : Harcourt, Brace, 1939.
504 _aIncludes bibliographical references.
650 0 _aRubber industry and trade
_zOhio
_zAkron
_xHistory
_y20th century
_vFiction.
651 0 _aAkron (Ohio)
_xHistory
_vFiction.
942 _2lcc
_cGEN
999 _c12521
_d12521